书目信息 |
| 题名: |
万里神州驯水记
|
|
| 作者: | 郭超人 著 | |
| 分册: | ||
| 出版信息: | 北京 中国青年出版社 1979 |
|
| 页数: | 249页 | |
| 开本: | 19cm | |
| 丛书名: | ||
| 单 册: | ||
| 中图分类: | S273.1 | |
| 科图分类: | ||
| 主题词: | 报告文学--中国--现代--选集 , 农田水利 | |
| 电子资源: | ||
| ISBN: | ||
| 000 | 00709nam0 2200241 45 | |
| 001 | 0179000482 | |
| 005 | 20060803093317.68 | |
| 010 | @dCNY0.52 | |
| 091 | @a13009.246 | |
| 100 | @a19950721d1979 em y0chiy0121 ea | |
| 101 | 0 | @achi |
| 102 | @aCN@b110000 | |
| 105 | @af z 000zy | |
| 200 | 10 | @a万里神州驯水记@Awan li shen zhou xun shui ji@e我国科技建设成就故事@f郭超人著 |
| 210 | @a北京@c中国青年出版社@d1979 | |
| 215 | @a249页@c插图@d19cm | |
| 517 | 1 | @a我国科技建设成就故事@Awo guo ke ji jian she cheng jiu gu shi |
| 606 | @a报告文学@y中国@z现代@x选集 | |
| 606 | 0 | @a农田水利 |
| 690 | @aS273.1 | |
| 701 | 0 | @a郭超人@Aguo chao ren@4著 |
| 801 | 0 | @aCN@bNLC@c20060803 |
| 905 | @f1@b26791@dS273.1@e31 | |
| 万里神州驯水记:我国科技建设成就故事/郭超人著.-北京:中国青年出版社,1979 |
| 249页:插图;19cm |
| ISBN :CNY0.52 |
| ● |
| 相关链接 |
|
|
|
|
正题名:万里神州驯水记
索取号:S273.1/31
 
预约/预借
| 序号 | 登录号 | 条形码 | 馆藏地/架位号 | 状态 | 备注 |
| 1 | 0026791 | 001946666 | 第三借阅区/ [索取号:S273.1/31] | 在馆 | |
| 2 | 0439446 | 204394468 | 密集书库/ [索取号:S273.1/31] | 在馆 |